000 00618nam a2200217Ia 4500
003 BUBTL
008 151213s9999 xx 000 0 und d
020 _a0072318554
082 _a657.42/ Ak66s/ 2004
_bII
100 _aAkond, Jashim Uddin
_94469
245 _aStudy Materials Cost Accounting :
_cJashim Uddin Akond and Md. Yusuf
250 _a1st
260 _aDhaka
_bICMA
_cc2004
300 _a203p. :
_b22cm
650 _aAccounting
650 _aAccounting
_94470
700 _aJashim Uddin Akond and Md. Yusuf
_94469
856 _k0
_l0
_yDownload
942 _2ddc
_cBK
999 _c3022
_d3022